Por Instinto (Registo nº 197876)

Detalhes MARC
000 -Etiqueta do registo
Valores 00713nam 22002533 4500
010 ## - Número ISBN
ISBN 972-46-1186-8
021 ## - Número do Depósito Legal
Código do país Portugal
Número 155 647/00
100 ## - Dados gerais de processamento
Dados gerais 20250916d u||y0pory50 ba
101 ## - Língua de publicação
Língua Português
102 ## - País de publicação
País Portugal
200 ## - Titulo e menção de responsabilidade
Título próprio Por Instinto
Primeira menção de responsabilidade Rita Ferro
Outras menções de responsabilidade Revisão de Ayala Monteiro
205 ## - Menção da edição
Edição
210 ## - Publicação
Local de publicação Lisboa
Nome do editor Editorial Notícias
Data de publicação 2000
215 ## - Descrição física 
Paginação / Volumes 254, (2) p.
Outras indicações físicas Brochado
Dimensões 23 cm
225 ## - Colecção 
Título próprio da colecção Coleção 13
Indicação de volume 23
300 ## - Notas gerais 
Texto da nota Crónicas
606 ## - Nome comum usado como assunto
ID Autoridade 3828
Palavra de ordem Literatura Portuguesa Crónicas
675 ## - CDU
Notação 821.134.3-92/FER/POR
Edição PT
Língua por
700 ## - Autor principal (pessoa individual)
ID Autoridade 3089
Apelido Ferro
Nome Rita
Datas 1955-
801 ## - Fonte de origem
País PT
Agência BMMN
Regras de catalogação RPC
830 ## - Notas gerais do catalogador
Criado por Carlos Pinto
Data de criação 16-09-2025
Indexado por Carlos Pinto
990 ## - Elementos KOHA
Tipo de documento Livro
Exemplares
Situação do levantamento Biblioteca de origem Código de barras Cota Permissão de empréstimo Tipo de documento Forma de aquisição
  Escola Secundária de Montemor-o-Novo 26044 821.134.3-92/FER/POR   Livro Oferta

Powered by Koha